Prevence kardiovaskulárních onemocnění : doporučený diagnostický a terapeutický postup pro všeobecné praktické lékaře : [novelizace 2013] /

Hlavní autor: Býma, Svatopluk, 1954-
Korporativní autor: Česká lékařská společnost J.E. Purkyně. Centrum doporučených postupů pro praktické lékaře
Další autoři: Hradec, Jaromír, 1947-, Společnost všeobecného lékařství ČLS JEP
Jazyk: Čeština
Vydáno: Praha : Společnost všeobecného lékařství ČLS JEP, c2013
Edice: Doporučené postupy pro praktické lékaře
Témata:
Fyzický popis: 17 s. : barev. il. ; 30 cm
Knihy
Uloženo v:
LEADER 02173nam a2200493 a 4500
001 nkc20132456148
003 CZ PrNK
005 20130523111052.0
007 ta
008 130424s2013 xr a e f 000 0 cze
015 |a cnb002456148 
020 |a 978-80-86998-63-3  |q (brož.) 
035 |a (OCoLC)847728108 
040 |a ABA001  |b cze  |d OLA001 
072 7 |a 616  |x Patologie. Klinická medicína  |2 Konspekt  |9 14 
080 |a 616.1  |2 MRF 
080 |a 616-01/-03  |2 MRF 
080 |a 616-084  |2 MRF 
080 |a (036)  |2 MRF 
100 1 |a Býma, Svatopluk,  |d 1954-  |7 jn20000400355  |4 aut 
245 1 0 |a Prevence kardiovaskulárních onemocnění :  |b doporučený diagnostický a terapeutický postup pro všeobecné praktické lékaře : [novelizace 2013] /  |c autoři Svatopluk Býma, Jaromír Hradec 
246 3 |a Prevence kardiovaskulárních onemocnění - novelizace 2013 
260 |a Praha :  |b Společnost všeobecného lékařství ČLS JEP,  |c c2013 
300 |a 17 s. :  |b barev. il. ;  |c 30 cm 
490 1 |a Doporučené postupy pro praktické lékaře 
500 |a Na obálce pod názvem: Centrum doporučených postupů pro praktické lékaře, Společnost všeobecného lékařství 
504 |a Obsahuje bibliografii 
650 0 7 |a kardiovaskulární nemoci  |7 ph121469  |2 czenas 
650 0 7 |a zdravotní rizika  |7 ph127585  |2 czenas 
650 0 7 |a prevence onemocnění  |7 ph137258  |2 czenas 
650 0 9 |a cardiovascular diseases  |2 eczenas 
650 0 9 |a health risks  |2 eczenas 
650 0 9 |a prevention of diseases  |2 eczenas 
655 7 |a informační publikace  |7 fd132454  |2 czenas 
655 9 |a information publications  |2 eczenas 
700 1 |a Hradec, Jaromír,  |d 1947-  |7 nlk19990073263  |4 aut 
710 2 |a Česká lékařská společnost J.E. Purkyně.  |b Centrum doporučených postupů pro praktické lékaře  |7 pna2005272353 
710 2 |a Společnost všeobecného lékařství ČLS JEP  |7 nlk20030127884 
830 0 |a Doporučené postupy pro praktické lékaře  |0 s 
910 2 |a BOA001  |b 4-1304.809 
990 |a BK 
995 |a 01 
991 |b 201305  |c NOV  |e n 
996 6 |b 2610549056  |c 4-1304.809  |l MZK  |r Sklad / do 1 hodiny  |n 4  |p p.v.  |w 001327554  |u 000010  |a 1  |e BOA001  |j MZK50  |s P